|
|
|
|
| LEADER |
00000nam2a2200000 4500 |
| 001 |
241932 |
| 005 |
20231101231845.0 |
| 035 |
|
|
|a (RuTPU)RU\TPU\book\263223
|
| 035 |
|
|
|a RU\TPU\book\255457
|
| 090 |
|
|
|a 241932
|
| 100 |
|
|
|a 20130821d2013 km y0rusy50 ca
|
| 101 |
0 |
|
|a rus
|
| 102 |
|
|
|a RU
|
| 105 |
|
|
|a y gn 000zy
|
| 200 |
0 |
|
|a Вып. 34 (1' 2013)
|
| 210 |
|
|
|d 2013
|
| 215 |
|
|
|a 384 с.
|
| 330 |
|
|
|a Новый выпуск журнала-справочника 'Библиотека и закон» состоит из трёх разделов. В первом публикуется полный текст Федерального закона №273Об образовании в Российской Федерации: Этот обширный юридический акт имеет прямое отношение к деятельности нескольких библиотечных сетей: прежде всего — школьной и вузовской. Косвенно положения закона влияют также на деятельность академических, научно-технических, медицинских и ряда публичных библиотек. Второй раздел продолжает публикацию федеральных нормативно-правовых актов сферы информации, начатую в выпуске № 33. Тогда, в частности, был опубликован один из важнейших законодательных актов последних лет — ФЗ № 436 «О защите детей от информации, причиняющей вред их здоровью и развитию: В очередном номере библиотекарям предлагается подборка подзаконных правовых документов, регламентирующих применение Ф3№ 436 в различных отраслях культуры, то есть в деятельности телевидения, радиовещания, j кинопроката, книгоиздательств, редакций периодических изданий и библиотек разных видов. Автором комментариев и рекомендаций выступает ведущий научный сотрудник Рос-сийской государственной библиотеки О. Ф. Войкова. В третьем разделе представлены законодательные и подзаконные акты субъектов Российской Федерации. На рубеже 1990-2000-х гг. редакция журнала-справочника впервые собра- i ла и опубликовала полный свод регионального библиотечного тельства России. К настоящему времени это законодательство претерпело кардинальные изменения, вызванные принятием ряда федеральных законов. Среди таковых особое значение для библиотек имеют ФЗ № 131 «Об общих принципах организации местного самоуправления в Российской Федерации», «Гражданский кодекс Российской Федерации. Часть четвёртая: Ф3№34 «Оразмещении заказов на поставку товаров, выполнение работ, оказание услуг для государственных и j муниципальных нужд» и Ф3№83 «Овнесении изменений в отдельные законодательные акты Российской Федерации в связи с совершенствованием правового положения государственных (муниципальных) учреждений».
|
| 461 |
|
1 |
|0 (RuTPU)RU\TPU\book\45372
|t Библиотека и закон
|o юридический журнал-справочник
|o документы, комментарии, консультации, юридические советы на каждый день
|v Вып. 34 (1' 2013)
|d 1996-
|
| 464 |
|
|
|t Федеральные нормативно-правовые акты в области информации
|
| 464 |
|
|
|t Правовые документы субъектов Российской Федерации
|
| 606 |
1 |
|
|a Библиотечное дело
|x Организация
|y Россия
|2 stltpush
|3 (RuTPU)RU\TPU\subj\28619
|9 52135
|
| 606 |
1 |
|
|a Библиотечное дело
|x Право
|y Россия
|2 stltpush
|3 (RuTPU)RU\TPU\subj\70366
|9 84663
|
| 610 |
1 |
|
|a библиотеки
|
| 610 |
1 |
|
|a Российская Федерация
|
| 610 |
1 |
|
|a федеральные законы
|
| 610 |
1 |
|
|a международные документы
|
| 610 |
1 |
|
|a библиотечное образование
|
| 610 |
1 |
|
|a информационная безопасность
|
| 610 |
1 |
|
|a нормативные документы
|
| 610 |
1 |
|
|a ЛИБНЕТ
|
| 610 |
1 |
|
|a персональные данные
|
| 610 |
1 |
|
|a информационные технологии
|
| 610 |
1 |
|
|a историческое наследие
|
| 610 |
1 |
|
|a патриотическое воспитание
|
| 610 |
1 |
|
|a регламенты
|
| 686 |
|
|
|a Ч734(2)я2
|v LBC/SL-A
|2 rubbk
|
| 686 |
|
|
|a Х621.14я2
|v LBC/SL-A
|2 rubbk
|
| 801 |
|
1 |
|a RU
|b 63413507
|c 20120830
|
| 801 |
|
2 |
|a RU
|b 63413507
|c 20221123
|g RCR
|
| 942 |
|
|
|c BK
|